Taylor Swift - Devine les chansons par leurs 1ère phrases #16 - Statistiques

Statistiques générales
  • Ce quiz a été pris 119 fois
  • Le résultat moyen est 5 sur 11
Statistiques - réponses
Hint Réponse % Correct
I'm doing good, I'm on some new shit the 1
73%
Now and then she rereads *** The Manuscript
67%
Gray November evermore
61%
Babe Babe
60%
Your hologram stumbled into my apartment Chloe or Sam or Sophia or Marcus
55%
We were supposed to be just friends Glitch
44%
You had people who called you on unmarked numbers Suburban Legends
38%
Took a deep breath in the mirror Begin Again
36%
Down the block, there's an antique shop Timeless
36%
School bell rings, walk me home It’s Nice to Have a Friend
21%
This is wrong, but I can't help but feel like Superstar
9%
Aucun quiz correspondant
Distribution des résultats
% des personnes avec chaque résultat
Percentile par nombre de réponses
Votre historique - résultats
Vous n’avez pas pris ce quiz